Developing world agriculture (Record no. 63483)
[ view plain ]
| 000 -LEADER | |
|---|---|
| fixed length control field | 00813nam a2200193 a 4500 |
| 008 - FIXED-LENGTH DATA ELEMENTS--GENERAL INFORMATION | |
| fixed length control field | 120416s1990 ||||||||||||||||| || u |
| 020 ## - INTERNATIONAL STANDARD BOOK NUMBER | |
| International Standard Book Number | 094602779x |
| 050 ## - LIBRARY OF CONGRESS CALL NUMBER | |
| Classification number | S 496 Dev |
| 100 ## - MAIN ENTRY--PERSONAL NAME | |
| Personal name | Speedy, A |
| 245 10 - TITLE STATEMENT | |
| Title | Developing world agriculture |
| Statement of responsibility, etc. | edited by Dr. A. Speedy |
| 260 ## - PUBLICATION, DISTRIBUTION, ETC. | |
| Place of publication, distribution, etc. | London: |
| Name of publisher, distributor, etc. | Gresvenor International Press |
| Date of publication, distribution, etc. | 1990 |
| 300 ## - PHYSICAL DESCRIPTION | |
| Extent | 286p. : ill |
| 350 ## - | |
| -- | 0.00 |
| 650 ## - SUBJECT ADDED ENTRY--TOPICAL TERM | |
| Topical term or geographic name entry element | AGRICULTURE--DEVELOPING COUNTRIES |
| 650 ## - SUBJECT ADDED ENTRY--TOPICAL TERM | |
| Topical term or geographic name entry element | AGRICULTURE |
| 700 ## - ADDED ENTRY--PERSONAL NAME | |
| Personal name | Dr |
| 995 ## - | |
| -- | MAIN LIBRARY OPEN ACCESS |
| -- | 0.00 |
| -- | 722712 |
| -- | CBU-MAIN LIBRARY (Kitwe) |
| -- | 2 |
| -- | 0.00 |
| -- | S 496 Dev |
| -- | 2 |
| -- | AVAILABLE |
| -- | 025556 |
| -- | Main Library Open Access Collection |
| 995 ## - | |
| -- | KAPASA MAKASA LIBRARY OPEN ACCESS |
| -- | 0.00 |
| -- | 723713 |
| -- | CBU-KAPASA MAKASA LIBRARY (Chinsali) |
| -- | 1 |
| -- | 0.00 |
| -- | S 496 Dev |
| -- | 1 |
| -- | AVAILABLE |
| -- | 005023 |
| -- | Kapasa Makasa Library Open Acess Collection |
| 999 ## - | |
| -- | 63483 |
| -- | 63483 |
| Withdrawn status | Lost status | Source of classification or shelving scheme | Damaged status | Not for loan | Permanent Location | Current Location | Shelving location | Date acquired | Total Checkouts | Full call number | Barcode | Date last seen | Price effective from | Koha item type |
|---|---|---|---|---|---|---|---|---|---|---|---|---|---|---|
| CBU-MAIN LIBRARY, KITWE. | CBU-MAIN LIBRARY, KITWE. | 12/24/2022 | S 496 Dev | 025556 | 12/24/2022 | 12/24/2022 | MONOGRAPH |